| 000 | 00367nam a2200169Ia 4500 | ||
|---|---|---|---|
| 100 | _aSinha/Amarendra N/ Udai/Arun D | ||
| 650 | _aComputer graphics | ||
| 942 | _cBK | ||
| 366 | _f25 | ||
| 654 | _agraphics | ||
| 245 | _aComputer Graphics | ||
| 260 |
_bMcGraw Hill _c2008 |
||
| 082 |
_a6.6 _bSIN |
||
| 300 | _a471 | ||
| 546 |
_aENGLISH _cPAMPHALETS |
||
| 999 |
_c25047 _d25047 |
||